• 首页
  • 本馆介绍
  • 公告通知
  • 最新文献
  • 馆藏检索
  • 电子资源
  • 读者导购
  • 参考咨询
  • 我的图书馆
  • 登录
  • 详细信息显示
  • 放入我的书架
  • 预约/预借图书
  • 作者相关作品
  • 分类相关作品
  • 丛书相关作品
  • 出版社相关作品

书目信息

  • 表格格式
  • 工作单格式
  • 卡片格式
题名:
法国革命史
    
 
作者: 马迪厄 著 ;杨人便 译注
分册: 第三卷  
出版信息: 北京   商务印书馆  1973.2
页数: 542-894页
开本: 19cm
丛书名:
单 册:
中图分类: K565.41
科图分类:
主题词: 西欧--历史
电子资源:
ISBN:
000 00625nam0 2200229 45
001 0302190975
005 20031219104103.9
010    @dCNY2.7
091    @a11017.192
100    @a20030219d1973 km y0chiy0120 ea
101 0  @achi
105    @a z 000yy
200 1  @a法国革命史@h第三卷@AFa Guo Ge Ming Shi@f(法)马迪厄著@F(Fa)Ma Di E Zhu@g杨人便译注
205    @a第二版
210    @a北京@c商务印书馆@d1973.2
215    @a542-894页@d19cm
606 0  @a西欧@x历史
690    @aK565.41@v3
701  0 @a马迪厄@4著
702  0 @a杨人便@AYang Ren Bian@4译注
801    @aCN@bTSTC@c20030219
905    @dK565.41@e13:3@f1@b219125
    
    法国革命史.第三卷/(法)马迪厄著/杨人便译注.-第二版.-北京:商务印书馆,1973.2
    542-894页;19cm
    
    
    ISBN :CNY2.7
    
●
相关链接 在E读中查询图书 在五车中查询图书 在当当中查询图书 在豆瓣中查询图书


正题名:法国革命史     索取号:K565.41/13:3         预约/预借

序号 登录号 条形码 馆藏地/架位号 状态 备注
1 0219125   001747480   第二样本阅览室/ [索取号:K565.41/13:3] 在馆    
唐山师范学院图书馆 欢迎您!
大连网信软件有限公司© 版权所有